[Event "Titled Tue 17th Jun Late"]
[Site "chess.com INT"]
[Date "2025.06.17"]
[Round "6"]
[White "Hariharan, Shambavi"]
[Black "Shafer, Logan C"]
[Result "1/2-1/2"]
[WhiteTitle "WCM"]
[BlackTitle "CM"]
[WhiteElo "1936"]
[BlackElo "2217"]
[WhiteFideId "488160"]
[BlackFideId "30993342"]
[EventDate "2025.06.17"]

1. d4 Nf6 2. c4 e6 3. Nc3 Bb4 4. Bd2 b6 5. Nf3 Bb7 6. g3 O-O 7. Bg2 d6 8. O-O c5
9. e3 Nbd7 10. a3 Bxc3 11. Bxc3 Ne4 12. Qd3 f5 13. d5 e5 14. Nd2 Nxc3 15. Qxc3
Nf6 16. e4 f4 17. b4 g5 18. bxc5 bxc5 19. Rab1 Bc8 20. f3 h5 21. gxf4 gxf4 22.
Kh1 Kh8 23. Rg1 Rg8 24. Qd3 Bd7 25. Nb3 Qc7 26. Nd2 Rg7 27. Qe2 Rag8 28. Qf2 Qd8
29. Qh4 Rg5 30. Bh3 Nxe4 31. Rxg5 Nxg5 32. Bxd7 Qxd7 33. Qxh5+ Nh7 34. Ne4 Qg7
35. Qh3 Qg6 36. Rf1 Qf7 37. Rg1 Rxg1+ 38. Kxg1 Qg6+ 39. Kf2 Kg7 40. Qd7+ Qf7 41.
Qxf7+ Kxf7 42. Nxd6+ Ke7 43. Nb7 e4 44. fxe4 Nf6 45. Nxc5 Kd6 46. Nd3 Nxe4+ 47.
Kf3 Nd2+ 48. Kxf4 Nxc4 49. h4 Kxd5 50. h5 Ke6 51. Nc5+ Kf6 52. Ne4+ Kg7 53. a4
a5 54. Nc5 Kh6 55. Ke4 Kxh5 56. Kd4 Nb2 57. Nb7 Nxa4 58. Nxa5 1/2-1/2

[Event "Titled Tue 17th Jun Late"]
[Site "chess.com INT"]
[Date "2025.06.17"]
[Round "6"]
[White "Stemmler, Fabian"]
[Black "Kanakaris, Georgios"]
[Result "0-1"]
[WhiteTitle "CM"]
[BlackTitle "IM"]
[WhiteElo "2190"]
[BlackElo "2396"]
[WhiteFideId "12964808"]
[BlackFideId "4209460"]
[EventDate "2025.06.17"]

1. e4 e6 2. d4 d5 3. exd5 exd5 4. c4 Bb4+ 5. Nc3 Nf6 6. Nf3 O-O 7. Bd3 Re8+ 8.
Be3 Bg4 9. O-O Nc6 10. h3 Bh5 11. cxd5 Nxd5 12. a3 Be7 13. Bxh7+ Kh8 14. Be4
Nxc3 15. bxc3 Bf6 16. Bxc6 bxc6 17. g4 Bg6 18. Bf4 Qd5 19. Ne5 Bxe5 20. dxe5 Qc4
21. Qd4 Qe2 22. Rae1 Qa2 23. Qc5 Rad8 24. Bg3 a6 25. f4 Rd2 26. Rf2 Rxf2 27.
Bxf2 Bd3 28. f5 Qc2 29. Qxc6 Rb8 30. e6 Rb2 31. Qc5 fxe6 32. fxe6 Be4 33. e7 Rb8
34. Qe5 Bg6 35. Bd4 Rg8 0-1

[Event "Titled Tue 17th Jun Late"]
[Site "chess.com INT"]
[Date "2025.06.17"]
[Round "6"]
[White "Levano Loayza, Adriano Jaffet"]
[Black "Demaria, Juan Pablo"]
[Result "1-0"]
[WhiteTitle "CM"]
[BlackTitle "FM"]
[WhiteElo "2023"]
[BlackElo "2215"]
[WhiteFideId "3865584"]
[BlackFideId "104922"]
[EventDate "2025.06.17"]

1. d4 g6 2. c4 Bg7 3. Nc3 e6 4. e4 Ne7 5. Nf3 d5 6. cxd5 exd5 7. e5 O-O 8. Be2
c5 9. dxc5 Nbc6 10. Be3 Nxe5 11. Nxe5 Bxe5 12. Bd4 f6 13. O-O Be6 14. Nb5 Nc6
15. f4 Bxd4+ 16. Nxd4 Nxd4 17. Qxd4 Rc8 18. Bf3 Qc7 19. Rfe1 Bf7 20. Rac1 Qc6
21. Re7 Kg7 22. g4 Rce8 23. Bxd5 Qc8 24. Be6 Qc6 25. Rxf7+ Rxf7 26. Bxf7 Kxf7
27. Rd1 Re4 28. Qd7+ Qxd7 29. Rxd7+ Ke6 30. Rxb7 Rxf4 31. h3 Ra4 32. a3 Kd5 33.
Rxh7 Kxc5 34. Rh6 Kd5 35. Rxg6 Ke5 36. h4 Rc4 37. b4 Rc3 38. a4 Rc4 39. h5 Rxb4
40. h6 Rb8 41. Rg7 Rh8 42. h7 a5 43. Kg2 Kf4 44. Kh3 f5 45. g5 Ke5 46. g6 Kf6
47. Rg8 1-0

[Event "Titled Tue 17th Jun Late"]
[Site "chess.com INT"]
[Date "2025.06.17"]
[Round "6"]
[White "Perez Rojas, Jorge"]
[Black "Tinmaz, Kerem"]
[Result "1-0"]
[WhiteTitle "FM"]
[BlackTitle "FM"]
[WhiteElo "2100"]
[BlackElo "2013"]
[WhiteFideId "3452093"]
[BlackFideId "44559151"]
[EventDate "2025.06.17"]

1. e4 e6 2. d4 d5 3. Nc3 Nf6 4. Bg5 Be7 5. e5 Nfd7 6. Bxe7 Qxe7 7. f4 a6 8. Nf3
c5 9. Qd2 Nc6 10. g3 b5 11. Bg2 Bb7 12. O-O Rc8 13. dxc5 Nxc5 14. Rad1 b4 15.
Ne2 Ne4 16. Qe3 Na5 17. Ned4 Nc4 18. Qc1 O-O 19. Rfe1 a5 20. Bf1 Qc5 21. Kg2 Rc7
22. Bd3 Rfc8 23. b3 Na3 24. Qe3 Nc3 25. Ra1 Nab5 26. a4 bxa3 27. Nxb5 Nxb5 28.
Qxc5 Rxc5 29. Bxb5 Rxb5 30. Nd4 Rb4 31. Red1 a4 32. Rxa3 axb3 33. Rxb3 Rxc2+ 34.
Kh3 Rxb3 35. Nxb3 g6 36. Nd4 Rc4 37. Nb5 Ba6 38. Nd6 Rc2 39. Ra1 Bd3 40. Ra8+
Kg7 41. Ra7 Bf5+ 42. g4 Rc3+ 43. Kh4 Bxg4 44. Rxf7+ Kh6 45. Kxg4 Rc2 46. Ne8
Rxh2 47. Nf6 Rg2+ 48. Kf3 1-0

[Event "Titled Tue 17th Jun Late"]
[Site "chess.com INT"]
[Date "2025.06.17"]
[Round "6"]
[White "Uzuner, Tufan Can"]
[Black "Arakelyan, Manvel"]
[Result "1/2-1/2"]
[WhiteTitle "CM"]
[BlackTitle "FM"]
[WhiteElo "1909"]
[BlackElo "2326"]
[WhiteFideId "6300499"]
[BlackFideId "13317415"]
[EventDate "2025.06.17"]

1. d4 e6 2. Nf3 f5 3. g3 b6 4. Bg2 Bb7 5. Nbd2 Nf6 6. O-O Be7 7. b3 O-O 8. Bb2
a5 9. c4 a4 10. bxa4 Ne4 11. Nxe4 Bxe4 12. Ne1 Bxg2 13. Nxg2 Qe8 14. d5 Na6 15.
Nf4 Nc5 16. Bd4 Bd6 17. Bxc5 Bxc5 18. Nd3 exd5 19. Nxc5 bxc5 20. Qxd5+ Kh8 21.
Qxc5 Qxe2 22. Qxc7 Rxa4 23. Qxd7 Qxc4 24. Rac1 Qxa2 25. Rc7 Rg8 26. Qxf5 h6 27.
Qg6 Ra6 28. Rc6 Rxc6 29. Qxc6 Rf8 30. h4 Qe2 31. Qd5 Qe7 32. Kg2 Rd8 33. Qf3 Rf8
34. Qe3 Qb7+ 35. Kg1 Qd5 36. Re1 Qf5 37. Re2 Rb8 38. Qe4 Qh3 39. Re1 Rf8 40. Qg2
Qg4 41. Re4 Qd1+ 42. Kh2 Qd2 43. f4 Qd3 44. Qe2 Qb3 45. Re8 Rxe8 46. Qxe8+ Kh7
47. Qe4+ Kh8 48. Qe8+ Kh7 49. Qe4+ Kh8 50. f5 Kh7 51. f6+ Kh8 52. Qe8+ Kh7 53.
f7 Qc2+ 54. Kg1 Qd1+ 55. Kf2 Qd2+ 56. Kf3 Qd3+ 57. Kf4 Qd6+ 58. Qe5 Qd2+ 59. Qe3
Qd6+ 60. Kf3 Qf6+ 61. Qf4 Qc3+ 62. Kg4 h5+ 63. Kxh5 Qc8 64. f8=Q g6+ 65. Kg5
Qxf8 66. Qxf8 1/2-1/2

[Event "Titled Tue 17th Jun Late"]
[Site "chess.com INT"]
[Date "2025.06.17"]
[Round "6"]
[White "Gattani, Sarthak"]
[Black "Jagirapu, Harshin Reddy"]
[Result "0-1"]
[WhiteElo "1944"]
[BlackElo "2042"]
[WhiteFideId "30995965"]
[BlackFideId "39910679"]
[EventDate "2025.06.17"]

1. d4 d5 2. Bf4 c5 3. e3 Nc6 4. Nf3 Nf6 5. Nbd2 Bg4 6. c3 cxd4 7. exd4 e6 8. Bd3
Be7 9. h3 Bh5 10. Qb3 Qc8 11. O-O O-O 12. Rfe1 a6 13. a4 Na5 14. Qc2 Bg6 15. Ne5
Nc6 16. Nxg6 hxg6 17. a5 Qd7 18. b4 Rac8 19. Qd1 Bd6 20. Bxd6 Qxd6 21. Nb3 Nd7
22. Qd2 Ne7 23. Nc5 Nxc5 24. bxc5 Qc7 25. Reb1 Nc6 26. Rb6 e5 27. Be2 Rfe8 28.
Rab1 Rb8 29. Bf1 Nxa5 30. Qa2 Nc6 31. Qxd5 exd4 32. cxd4 Red8 33. Qe4 Nxd4 34.
Rxb7 Rxb7 35. Rxb7 Qxc5 36. Bxa6 Nf5 37. Bf1 Rd1 38. Qe8+ Kh7 39. Qe2 Rc1 40.
Rb2 Ng3 41. Qf3 Rxf1+ 42. Kh2 Rh1+ 43. Kxg3 Qe5+ 44. Qf4 Qc3+ 45. Kg4 f5+ 46.
Kg5 Qf6# 0-1

[Event "Titled Tue 17th Jun Late"]
[Site "chess.com INT"]
[Date "2025.06.17"]
[Round "6"]
[White "Garcia Hernandez, Rebeca"]
[Black "Nita, Lucian"]
[Result "1-0"]
[WhiteTitle "WCM"]
[WhiteElo "1904"]
[BlackElo "2143"]
[WhiteFideId "5180872"]
[BlackFideId "1206923"]
[EventDate "2025.06.17"]

1. Nf3 d6 2. g3 Nf6 3. Bg2 e5 4. d3 Be7 5. O-O O-O 6. Nbd2 Nc6 7. e4 Be6 8. b3
h6 9. Bb2 Qd7 10. d4 exd4 11. Nxd4 Bh3 12. Nxc6 bxc6 13. Qe2 Bxg2 14. Kxg2 Qg4
15. Qc4 Qg5 16. Rad1 Qb5 17. Qd4 Qb6 18. e5 Qxd4 19. Bxd4 Nd5 20. c4 Nb6 21. Nf3
d5 22. Bxb6 axb6 23. cxd5 cxd5 24. Rxd5 Rxa2 25. Rd7 Bd8 26. Rfd1 Ra8 27. Nd4 h5
28. h4 Re8 29. Nc6 Re6 30. Rxd8+ Rxd8 31. Rxd8+ Kh7 32. Nd4 Rxe5 33. Nf3 Rb5 34.
Rd7 f6 35. Rxc7 Rxb3 36. Rb7 Rb4 37. Nd2 Kg6 38. Nf3 Kh6 39. Nh2 g5 40. hxg5+
fxg5 41. Nf3 h4 42. gxh4 gxh4 43. Kh3 1-0

[Event "Titled Tue 17th Jun Late"]
[Site "chess.com INT"]
[Date "2025.06.17"]
[Round "6"]
[White "Gumularz, Szymon"]
[Black "Deac, Bogdan-Daniel"]
[Result "1-0"]
[WhiteTitle "GM"]
[BlackTitle "GM"]
[WhiteElo "2605"]
[BlackElo "2674"]
[WhiteFideId "1188062"]
[BlackFideId "1226380"]
[EventDate "2025.06.17"]

1. c4 e5 2. g3 Nf6 3. Bg2 c6 4. Nf3 e4 5. Nd4 Qb6 6. Nb3 a5 7. d3 a4 8. N3d2
exd3 9. O-O d5 10. cxd5 cxd5 11. exd3 Nc6 12. Nc3 Qa5 13. Re1+ Be7 14. a3 O-O
15. Nf3 Bf5 16. Ne5 Rfe8 17. Bf4 h6 18. h3 Be6 19. d4 Bf8 20. Rc1 Rec8 21. g4
Qb6 22. Nxa4 Qb5 23. Nc5 Bxc5 24. dxc5 Qxb2 25. Nxc6 bxc6 26. Be5 Qxa3 27. Rc3
Qb4 28. Rf3 Ne4 29. Rf4 Qxc5 30. Bd4 Qd6 31. Be3 Qe5 32. Qc1 Qc3 33. Bxe4 Qxc1
34. Rxc1 dxe4 35. Rxe4 Bd5 36. Re7 Rcb8 37. Kh2 Rb3 38. Rc7 Kh7 39. Re1 Ra2 40.
Kg3 Rc2 41. h4 Ra2 42. h5 Rc3 43. Rc8 Rca3 44. Rb1 Ra8 45. Rbb8 Rxb8 46. Rxb8
Ra4 47. Rb7 1-0

[Event "Titled Tue 17th Jun Late"]
[Site "chess.com INT"]
[Date "2025.06.17"]
[Round "6"]
[White "George, Kevin"]
[Black "Hartge, Gedeon"]
[Result "1-0"]
[WhiteTitle "IM"]
[BlackTitle "FM"]
[WhiteElo "2327"]
[BlackElo "2328"]
[WhiteFideId "10669515"]
[BlackFideId "12932116"]
[EventDate "2025.06.17"]

1. c4 e6 2. Nc3 d5 3. d4 Nf6 4. Nf3 Be7 5. Bf4 O-O 6. e3 a6 7. Rc1 Nbd7 8. c5
Nh5 9. Bd3 Nxf4 10. exf4 c6 11. h4 f6 12. Qe2 e5 13. dxe5 fxe5 14. Ng5 e4 15.
Ne6 Qa5 16. Nxf8 Nxf8 17. Bb1 d4 18. Qc4+ Be6 19. Qxd4 Bxc5 20. Qxe4 Bd5 21. Qe2
Ne6 22. O-O Nxf4 23. Qe5 Bxg2 24. Qxf4 Bxf1 25. Rxf1 Rf8 26. Qc4+ Kh8 27. Qe4 g6
28. Kg2 Bd6 29. h5 Qxh5 30. Rh1 Qg5+ 31. Kf1 Qc1+ 32. Ke2 Qg5 33. f4 Qf6 34. Rf1
Qf7 35. Kd1 Rd8 36. Qd3 Be7 37. Qxd8+ Bxd8 38. f5 g5 39. Be4 Bf6 40. Kc2 Bxc3
41. Kxc3 Qxa2 42. Bd3 Qa5+ 43. b4 Qe5+ 44. Kc2 Qf6 45. Re1 g4 46. Re6 Qd4 47. f6
g3 48. Re8# 1-0

[Event "Titled Tue 17th Jun Late"]
[Site "chess.com INT"]
[Date "2025.06.17"]
[Round "6"]
[White "Lazaro Azcutia, Miguel"]
[Black "Rao, Anjaneya Sripathy"]
[Result "0-1"]
[WhiteTitle "CM"]
[BlackTitle "CM"]
[WhiteElo "2275"]
[BlackElo "2217"]
[WhiteFideId "54538254"]
[BlackFideId "30954770"]
[EventDate "2025.06.17"]

1. e4 e6 2. d4 d5 3. Nc3 Nf6 4. e5 Nfd7 5. f4 c5 6. Nf3 Nc6 7. Be3 a6 8. Qd2 b5
9. Be2 Be7 10. O-O O-O 11. Nd1 cxd4 12. Nxd4 Nxd4 13. Bxd4 Nc5 14. Nf2 Bb7 15.
Qe3 Qc7 16. Ng4 Ne4 17. c3 f5 18. exf6 gxf6 19. Bd3 Qd7 20. Rf3 Kh8 21. Raf1 Rf7
22. Nf2 Qc6 23. Re1 Rg8 24. Nxe4 dxe4 25. Bxe4 Qc7 26. Bxb7 Qxb7 27. Qe4 Qc7 28.
Qxe6 Rfg7 29. Re2 Qd8 30. Qe5 fxe5 31. Bxe5 Bf6 32. Bxf6 Qxf6 33. f5 Rxg2+ 34.
Rxg2 Rxg2+ 35. Kxg2 h5 36. Kf2 Qg5 37. f6 Kg8 38. f7+ Kf8 39. Ke2 Qe5+ 40. Kf2
Qxh2+ 41. Ke3 Qxb2 42. Kd4 Qxa2 43. Ke5 Qc4 44. Kd6 a5 45. Rf6 Qxc3 46. Rh6 Kxf7 0-1

[Event "Titled Tue 17th Jun Late"]
[Site "chess.com INT"]
[Date "2025.06.17"]
[Round "6"]
[White "Jovic, Stanoje"]
[Black "Hofstadler, Mario"]
[Result "1-0"]
[WhiteTitle "FM"]
[BlackTitle "CM"]
[WhiteElo "2096"]
[BlackElo "2172"]
[WhiteFideId "905020"]
[BlackFideId "1660497"]
[EventDate "2025.06.17"]

1. c4 e5 2. g3 Nc6 3. Bg2 Nf6 4. Nf3 d6 5. O-O Be6 6. b3 Qd7 7. d4 exd4 8. Nxd4
Bh3 9. Bb2 Bxg2 10. Kxg2 Be7 11. Nd2 Nxd4 12. Bxd4 Qc6+ 13. f3 Nd7 14. Bxg7 Rg8
15. Bb2 h5 16. Rc1 h4 17. Ne4 hxg3 18. hxg3 O-O-O 19. Qd5 Qxd5 20. cxd5 f5 21.
Nf2 Bh4 22. Nh1 Bxg3 23. Nxg3 f4 24. Rg1 fxg3 25. Bd4 Ne5 26. Bxe5 dxe5 27. e4
Rd6 28. Rh1 c6 29. Rh3 Rdg6 30. Rh5 Re8 31. Rc5 Kc7 32. dxc6 bxc6 33. Rcxe5 Rd8
34. Reg5 Rgd6 35. Rh7+ Kb6 36. Rgg7 Rd2+ 37. Kxg3 Rxa2 38. Rb7+ Kc5 39. Rxa7 Rb2
40. Rab7 Rd3 41. Rh5+ Kd4 42. Rd7+ Ke3 43. Rxd3+ Kxd3 44. Rc5 Rxb3 45. Rxc6 Ke3
46. e5 Rb4 47. e6 Rb8 48. Kg4 Rg8+ 49. Kf5 Kxf3 50. e7 Rh8 51. Rf6 Re8 52. Ke6+
Ke4 53. Rf8 1-0

[Event "Titled Tue 17th Jun Late"]
[Site "chess.com INT"]
[Date "2025.06.17"]
[Round "6"]
[White "Janaszak, Dawid"]
[Black "Rojas Alarcon, Julian Antonio"]
[Result "1-0"]
[WhiteTitle "FM"]
[BlackTitle "FM"]
[WhiteElo "2306"]
[BlackElo "2365"]
[WhiteFideId "1119206"]
[BlackFideId "5107407"]
[EventDate "2025.06.17"]

1. e4 c5 2. b4 cxb4 3. Bb2 d6 4. f4 Nf6 5. e5 dxe5 6. fxe5 Nd5 7. Nf3 Nc6 8. Bc4
Bg4 9. O-O e6 10. h3 Bh5 11. Kh1 Be7 12. a3 bxa3 13. Nxa3 O-O 14. Qe1 Rc8 15.
Bd3 Bg6 16. Bxg6 hxg6 17. Nc4 a6 18. Nd6 Bxd6 19. exd6 Qxd6 20. Ba3 Qf4 21. Bxf8
Rxf8 22. c3 Nf6 23. Nd4 Qd6 24. Nxc6 Qxc6 25. Rf3 Rd8 26. Qe2 Rd5 27. Raf1 a5
28. Ra1 a4 29. Qf2 b5 30. Qa7 Rxd2 31. Qb8+ Kh7 32. Rb1 g5 33. Qe5 Rd5 34. Qe1
Qc4 35. Rb4 Qc7 36. Qb1+ Kh6 37. Rxb5 Rxb5 38. Qxb5 g4 39. hxg4 Nxg4 40. Rh3+
Kg6 41. Qh5+ Kf6 42. Qxg4 Qa5 43. Rf3+ Ke7 44. Qh4+ g5 45. Qd4 a3 46. Qf6+ Kd6
47. Rd3+ Kc5 48. Qe5+ Kb6 49. Rd6+ Kc7 50. Qxa5+ 1-0

[Event "Titled Tue 17th Jun Late"]
[Site "chess.com INT"]
[Date "2025.06.17"]
[Round "6"]
[White "Diaz Guerrero, Jesus Daniel"]
[Black "Makaraci, Tunahan"]
[Result "1-0"]
[WhiteTitle "CM"]
[BlackTitle "FM"]
[WhiteElo "2076"]
[BlackElo "2233"]
[WhiteFideId "3979288"]
[BlackFideId "6356559"]
[EventDate "2025.06.17"]

1. e4 c5 2. Nf3 d6 3. d4 cxd4 4. Nxd4 Nf6 5. Nc3 g6 6. Be3 Bg7 7. f3 Nc6 8. Qd2
O-O 9. g4 d5 10. Nxc6 bxc6 11. O-O-O Qa5 12. exd5 cxd5 13. Bd4 Rb8 14. g5 Qb4
15. b3 e5 16. Bxe5 Ne4 17. fxe4 Bxe5 18. Nb1 Qxe4 19. Bd3 Qd4 20. c3 Qc5 21. Qc2
Bg4 22. Rdf1 a5 23. Rhg1 Bh3 24. Re1 Bf4+ 25. Kb2 a4 26. b4 Qc7 27. a3 Be5 28.
Bf1 Be6 29. Bg2 d4 30. cxd4 Bxd4+ 31. Kc1 Qxc2+ 32. Kxc2 Bf5+ 33. Kc1 Bxg1 34.
Rxg1 Rfc8+ 35. Kb2 Rc2+ 36. Ka1 Re8 37. Bd5 Ree2 38. Rd1 Rb2 39. Bc4 Rxb1+ 40.
Rxb1 Bxb1 41. Bxe2 Bc2 42. b5 Kf8 43. b6 Be4 44. Ba6 1-0

[Event "Titled Tue 17th Jun Late"]
[Site "chess.com INT"]
[Date "2025.06.17"]
[Round "6"]
[White "Aslanov, Umid"]
[Black "Smieszek, Wojciech"]
[Result "1/2-1/2"]
[WhiteTitle "FM"]
[BlackTitle "CM"]
[WhiteElo "2298"]
[BlackElo "2141"]
[WhiteFideId "13412620"]
[BlackFideId "1156047"]
[EventDate "2025.06.17"]

1. e4 c5 2. Nf3 g6 3. c3 Bg7 4. d4 cxd4 5. cxd4 d5 6. Bb5+ Bd7 7. Bxd7+ Qxd7 8.
e5 Nh6 9. O-O O-O 10. Nc3 Nc6 11. Bg5 e6 12. Qd2 Nf5 13. g4 Nfe7 14. Bf6 a6 15.
h4 b5 16. h5 Rac8 17. Qf4 h6 18. Kg2 Kh7 19. Rh1 g5 20. Bxg5 hxg5 21. Nxg5+ Kg8
22. h6 Ng6 23. Qh2 Bxe5 24. dxe5 Ncxe5 25. Qg3 Kh8 26. Rad1 Qc6 27. Rd4 b4 28.
Ne2 Nc4 29. Nf4 e5 30. Nxg6+ fxg6 31. Rdd1 d4+ 32. Kg1 Qf6 33. Ne4 Qf4 34. Qg2
Qf3 35. Qxf3 Rxf3 36. Kg2 Rf4 37. f3 Ne3+ 38. Kg3 Rc2 39. Rd2 Rxd2 40. Nxd2 Kh7
41. Ne4 d3 42. Ng5+ Kh8 43. Rc1 Rf8 44. Rc7 d2 45. Rh7+ Kg8 46. Rg7+ Kh8 47.
Rh7+ Kg8 48. Rg7+ Kh8 49. Rh7+ 1/2-1/2

[Event "Titled Tue 17th Jun Late"]
[Site "chess.com INT"]
[Date "2025.06.17"]
[Round "6"]
[White "Lin, Bryan Enming"]
[Black "Becking, Stephan"]
[Result "1-0"]
[WhiteTitle "FM"]
[BlackTitle "IM"]
[WhiteElo "2343"]
[BlackElo "2410"]
[WhiteFideId "30987121"]
[BlackFideId "4632478"]
[EventDate "2025.06.17"]

1. e4 e6 2. d4 d5 3. Nd2 Nf6 4. e5 Nfd7 5. f4 c5 6. c3 Nc6 7. Ndf3 cxd4 8. cxd4
Bb4+ 9. Bd2 Qb6 10. a3 Be7 11. Bc3 O-O 12. Bd3 f5 13. Ne2 Rf7 14. h3 Nf8 15. g4
Bd7 16. Qd2 a6 17. Rg1 Na7 18. Rc1 Rc8 19. Ba5 Rxc1+ 20. Nxc1 Qc6 21. g5 Qc8 22.
h4 Bb5 23. Bb1 Bd8 24. Bxd8 Qxd8 25. h5 Rc7 26. Kf2 Qc8 27. Nd3 Bxd3 28. Bxd3
Qe8 29. h6 g6 30. Rc1 Qc8 31. Rxc7 Qxc7 32. Qb4 Kf7 33. Ke2 Nc6 34. Qc5 Nd7 35.
Qc3 Qb6 36. b4 Qc7 37. a4 Qb6 38. b5 axb5 39. Bxb5 Ndb8 40. Ke3 Na6 41. Ne1 Nc7
42. Bxc6 bxc6 43. Nd3 Na6 44. a5 Qb5 45. Kd2 Ke8 46. Ke3 Kd7 47. Qa3 c5 48.
Nxc5+ Nxc5 49. dxc5 Kc6 50. a6 1-0

[Event "Titled Tue 17th Jun Late"]
[Site "chess.com INT"]
[Date "2025.06.17"]
[Round "6"]
[White "Ferriz Barrios, Andres"]
[Black "Jing, Andrew"]
[Result "1/2-1/2"]
[WhiteTitle "FM"]
[BlackTitle "FM"]
[WhiteElo "2102"]
[BlackElo "2292"]
[WhiteFideId "5104467"]
[BlackFideId "30984076"]
[EventDate "2025.06.17"]

1. d4 Nf6 2. Nf3 g6 3. g3 Bg7 4. Bg2 O-O 5. O-O d6 6. c4 Nc6 7. d5 Na5 8. Nfd2
c5 9. Nc3 a6 10. Rb1 Rb8 11. a4 Nd7 12. Qc2 Ne5 13. Nd1 h5 14. Ne3 h4 15. b3 h3
16. Bh1 b5 17. cxb5 axb5 18. Bb2 bxa4 19. bxa4 Bd7 20. f4 Ng4 21. Nxg4 Bxb2 22.
Nh6+ Kg7 23. Rxb2 Kxh6 24. Rfb1 Rxb2 25. Rxb2 Qc7 26. Nf3 c4 27. Ng5 Qc5+ 28.
Kf1 Bf5 29. e4 Bg4 30. Rb5 Qd4 31. Bf3 Qa1+ 32. Kf2 Bxf3 33. Nxf3 Nb3 34. g4 Qh1
35. g5+ Kh7 36. Qc3 Qg2+ 37. Ke3 Qf1 38. Rb4 Rc8 39. Rxb3 cxb3 40. Qxc8 b2 41.
Nd2 Qe1+ 42. Kd3 b1=Q+ 43. Nxb1 Qxb1+ 44. Qc2 Qf1+ 45. Ke3 Qe1+ 46. Kf3 Qh1+ 47.
Kg3 Qf1 48. Qf2 Qc4 49. Qf3 Qxa4 50. Kxh3 Kg7 51. Qc3+ Kg8 52. Qe3 Qd1 53. Kg3
Kg7 54. h4 Kg8 55. Qf3 Qe1+ 56. Kh3 Kg7 57. f5 Kg8 58. fxg6 fxg6 59. Kg4 Qg1+
60. Qg3 Qd1+ 61. Qf3 Qg1+ 62. Kf4 Qh2+ 63. Qg3 Qd2+ 64. Kg4 Qd1+ 65. Qf3 Qg1+ 1/2-1/2

[Event "Titled Tue 17th Jun Late"]
[Site "chess.com INT"]
[Date "2025.06.17"]
[Round "6"]
[White "Playa, Marcelo"]
[Black "Watanabe, Akira"]
[Result "1-0"]
[WhiteTitle "IM"]
[BlackTitle "FM"]
[WhiteElo "2376"]
[BlackElo "2284"]
[WhiteFideId "102202"]
[BlackFideId "7000227"]
[EventDate "2025.06.17"]

1. e4 c5 2. Nf3 d6 3. d4 cxd4 4. Nxd4 Nf6 5. Nc3 a6 6. Bg5 e6 7. f4 Qb6 8. Nb3
Nbd7 9. Qd2 Qc7 10. O-O-O b5 11. Bd3 Bb7 12. Rde1 Be7 13. g4 h6 14. Bh4 Nxg4 15.
Bxe7 Kxe7 16. Rhg1 Ngf6 17. Rxg7 Rag8 18. Reg1 Rxg7 19. Rxg7 Rg8 20. Rxg8 Nxg8
21. Qf2 Nc5 22. Qh4+ Kf8 23. Kb1 Nxb3 24. axb3 Qe7 25. Qh5 Qf6 26. Qf3 Qd4 27.
Ne2 Qc5 28. Qg3 Nf6 29. f5 exf5 30. exf5 Qe5 31. Qf2 Ng4 32. Qb6 Bf3 33. Nd4 Be4
34. Bxe4 Qxe4 35. Qxd6+ Kg7 36. h3 Qe1+ 37. Ka2 Nf6 38. Qxa6 Qe4 39. Qd6 Nd5 40.
c3 b4 41. f6+ Nxf6 42. Qxb4 Nd5 43. Qd6 Ne3 44. b4 f5 45. Ne6+ Kf7 46. Nf4 Qc4+
47. Ka3 Nc2+ 48. Ka4 Qa2+ 49. Kb5 1-0

[Event "Titled Tue 17th Jun Late"]
[Site "chess.com INT"]
[Date "2025.06.17"]
[Round "6"]
[White "Bluebaum, Matthias"]
[Black "Shermuhammadov, Samandar"]
[Result "1-0"]
[WhiteTitle "GM"]
[BlackTitle "FM"]
[WhiteElo "2663"]
[BlackElo "2110"]
[WhiteFideId "24651516"]
[BlackFideId "14205602"]
[EventDate "2025.06.17"]

1. d4 d6 2. Nf3 Nd7 3. c4 e5 4. Nc3 Ngf6 5. Bg5 Be7 6. e3 O-O 7. Qc2 c6 8. Be2
Re8 9. O-O h6 10. Bh4 Nh7 11. Bg3 Bf8 12. h3 Nhf6 13. Rad1 e4 14. Nd2 Qe7 15.
Bh4 g5 16. Bg3 Bg7 17. Rde1 Nf8 18. f3 exf3 19. Bxf3 g4 20. hxg4 Nxg4 21. Nde4
Rd8 22. Qe2 f5 23. Nf2 h5 24. Nh3 Be6 25. Qd3 d5 26. cxd5 cxd5 27. Nf4 h4 28.
Nfxd5 Bxd5 29. Nxd5 Qg5 30. Bf4 Qh5 31. Ne7+ Kh8 32. Qxf5 Qxf5 33. Nxf5 Nf6 34.
Nxg7 Kxg7 35. Bxb7 Rab8 36. Bxb8 Rxb8 37. Bf3 Rxb2 38. Re2 Rb4 39. Rc2 Ne6 40.
Rc6 Ng5 41. Bd1 Nfe4 42. Bb3 Ng3 43. Rf2 Rb7 44. Kh2 Re7 45. Rf4 Rxe3 46. Rxh4
N5e4 47. Rg4+ Kf8 48. Re6 Re2 49. Rxg3 Nxg3 50. Kxg3 Rd2 51. Re4 Rd3+ 52. Kf4
Kg7 53. g4 a5 54. d5 a4 55. Rxa4 Rd2 56. Ke3 1-0

[Event "Titled Tue 17th Jun Late"]
[Site "chess.com INT"]
[Date "2025.06.17"]
[Round "6"]
[White "Gomez Gonzales, Fabiana"]
[Black "Linares Orellana, Hector Jose"]
[Result "0-1"]
[WhiteTitle "WCM"]
[BlackTitle "FM"]
[WhiteElo "1796"]
[BlackElo "2111"]
[WhiteFideId "3860191"]
[BlackFideId "7304307"]
[EventDate "2025.06.17"]

1. e4 c5 2. Nf3 Nc6 3. Bb5 d6 4. c3 Nf6 5. Qe2 e5 6. d4 cxd4 7. cxd4 Bd7 8. d5
Nb8 9. Nc3 Be7 10. O-O O-O 11. Bg5 a6 12. Bd3 b5 13. a3 h6 14. Bh4 Bg4 15. h3
Bh5 16. Qe3 Nbd7 17. Bg3 Nc5 18. b4 Nxd3 19. Qxd3 Rc8 20. Rac1 Nd7 21. Nd2 Nb6
22. f3 Bg5 23. f4 exf4 24. Bxf4 Bg6 25. Bxg5 Qxg5 26. Nf3 Qe7 27. Rfe1 Nc4 28.
Qd4 Nxa3 29. Qf2 Nc4 30. Nd4 Qe5 31. Nc6 Qe8 32. Qa7 Ra8 33. Qd4 Ne5 34. Nxe5
Qxe5 35. Qe3 Rfc8 36. Rf1 Rc4 37. Na2 Rac8 38. Rxc4 Rxc4 39. Rc1 Rxc1+ 40. Qxc1
Qxe4 41. Nc3 Qc4 42. Qd2 Qxb4 43. Kh2 Qc5 44. Qe1 b4 45. Na2 a5 46. Qe8+ Kh7 47.
Qe2 Qxd5 48. Qb2 Qe5+ 49. Qxe5 dxe5 50. Nc1 Bc2 0-1

[Event "Titled Tue 17th Jun Late"]
[Site "chess.com INT"]
[Date "2025.06.17"]
[Round "6"]
[White "Schnaider, Ilan"]
[Black "Golis, Wiktor"]
[Result "1-0"]
[WhiteTitle "IM"]
[BlackTitle "FM"]
[WhiteElo "2388"]
[BlackElo "2307"]
[WhiteFideId "169013"]
[BlackFideId "21055874"]
[EventDate "2025.06.17"]

1. d4 d5 2. Nc3 c6 3. e4 dxe4 4. Nxe4 Nf6 5. Nxf6+ exf6 6. c3 Bd6 7. Bd3 O-O 8.
Qc2 c5 9. dxc5 Bxc5 10. Ne2 g6 11. O-O Nc6 12. Ng3 f5 13. Bh6 Re8 14. Bc4 Qh4
15. Qb3 Ne5 16. Rae1 Bxf2+ 17. Rxf2 Nf3+ 18. Rxf3 Rxe1+ 19. Kf2 Re7 20. Qb4 Qf6
21. Re3 Be6 22. Bf4 Rae8 23. Bb5 Rd8 24. Bd6 Rxd6 25. Qxd6 f4 26. Rf3 fxg3+ 27.
hxg3 Qg5 28. Ba4 Bg4 29. Qd8+ Kg7 30. Qd4+ f6 31. Rf4 Bf5 32. Bd1 h5 33. Bf3 Rd7
34. Qe3 Qh6 35. a4 Qh8 36. Rd4 Qd8 37. Rxd7+ Qxd7 38. Be2 b6 39. a5 bxa5 40. Qc5
a4 41. Qb4 Qd2 42. Qe7+ Kh6 43. Qf8+ Kg5 44. Qb4 Kh6 45. Qf8+ Kg5 46. Qb4 Qd5
47. Qf4# 1-0